书目信息 |
| 题名: |
公务员法释义
|
|
| 作者: | 宋世明 , 仲崇东 , 应松年 编著 | |
| 分册: | ||
| 出版信息: | 北京 国家行政学院出版社 2005 |
|
| 页数: | 248页 | |
| 开本: | 21cm | |
| 丛书名: | ||
| 单 册: | ||
| 中图分类: | D922.115 | |
| 科图分类: | ||
| 主题词: | 公务员制度--行政法--法律解释--中国 | |
| 电子资源: | ||
| ISBN: | 7-80140-379-7 | |
| 000 | 00922nam0 2200241 4500 | |
| 001 | 192004001520 | |
| 005 | 20070914171231.32 | |
| 010 | @a7-80140-379-7@dCNY18.00 | |
| 100 | @a20070531d2005 ekmy0chiy0121 ea | |
| 101 | 0 | @achi |
| 102 | @aCN@b110000 | |
| 105 | @ay n 000yy | |
| 200 | 1 | @a公务员法释义@Agong wu yuan fa shi yi@f应松年, 宋世明, 仲崇东编著@Fying song nian,song shi ming,zhong chong dong bian zhu |
| 210 | @a北京@c国家行政学院出版社@d2005 | |
| 215 | @a248页@d21cm | |
| 330 | @a本书共5章,分别介绍了公务员的录用、公务员的培训、激励保障机制、工资福利保险、义务与权利、职位聘任、法律责任、中华人民共和国公务员法等。本书适合相关专业的人员阅读参考。 | |
| 606 | 0 | @a公务员制度@x行政法@x法律解释@y中国 |
| 690 | @aD922.115@v4 | |
| 701 | 0 | @a宋世明@Asong shi ming@4编著 |
| 701 | 0 | @a仲崇东@Azhong chong dong@4编著 |
| 701 | 0 | @a应松年@Aying song nian@4编著 |
| 801 | 0 | @aCN@c20070914 |
| 905 | @dD922.115@eY618 | |
| 公务员法释义/应松年, 宋世明, 仲崇东编著.-北京:国家行政学院出版社,2005 |
| 248页;21cm |
| ISBN 7-80140-379-7:CNY18.00 |
| 本书共5章,分别介绍了公务员的录用、公务员的培训、激励保障机制、工资福利保险、义务与权利、职位聘任、法律责任、中华人民共和国公务员法等。本书适合相关专业的人员阅读参考。 |
| ● |
| 相关链接 |
|
|
|
正题名:公务员法释义
索取号:D922.115/Y618
 
预约/预借
| 序号 | 登录号 | 条形码 | 馆藏地/架位号 | 状态 | 备注 |
| 1 | 624064 | 206240646 | 社科库509/509社科库 84排9列4层/ [索取号:D922.115/Y618] | 在馆 | |
| 2 | 624065 | 206240655 | 社科库509/509社科库 84排9列4层/ [索取号:D922.115/Y618] | 在馆 | |
| 3 | 624066 | 206240664 | 社科库509/509社科库 84排9列4层/ [索取号:D922.115/Y618] | 在馆 |